| 000 | 005440000a22002050004500 | ||
|---|---|---|---|
| 003 | LK-CoMWRAF | ||
| 005 | 20230907140715.0 | ||
| 008 | 230817t2002 ||||| |||| 00| 0 eng d | ||
| 020 | _a95592612203 | ||
| 040 |
_aLK-CoMWRAF _dLK-CoMWRAF _eLK-CoMWRAF |
||
| 041 | _aeng | ||
| 082 |
_a425 _bGOO |
||
| 100 | _aGooneratne, Yasmine | ||
| 245 | _aCelebrating Sri Lankan women's English writing | ||
| 260 |
_aColombo : _bWomen's education & research centre _c2002 |
||
| 300 | _a415p | ||
| 490 | _aVol.II | ||
| 650 | _aEnglish Writing | ||
| 942 | _cBK | ||
| 999 |
_c473 _d473 |
||